Catálogo

Vista normal Vista MARC

Entrada Personal Name

Número de registros utilizados en: 4

001 - CONTROL NUMBER

  • control field: 6303

003 - CONTROL NUMBER IDENTIFIER

  • control field: DLC

005 - DATE AND TIME OF LATEST TRANSACTION

  • control field: 20241029091349.0

008 - FIXED-LENGTH DATA ELEMENTS

  • fixed length control field: 110707n| azannaabn |a aaa c

010 ## - LIBRARY OF CONGRESS CONTROL NUMBER

  • LC control number: 2011103945

035 ## - SYSTEM CONTROL NUMBER

  • System control number: (OCoLC)oca08907286

035 ## - SYSTEM CONTROL NUMBER

  • System control number: (CaEvSKY)skya9625941

040 ## - CATALOGING SOURCE

  • Original cataloging agency: MX-MxUI
  • Language of cataloging: spa
  • Description conventions: rda
  • Transcribing agency: Mx-PuUPA
  • Modifying agency: MX-MxCID
  • Modifying agency: Mx-PuUPA

100 1# - HEADING--PERSONAL NAME

  • Personal name: Ochoa Bilbao, Luis,

372 ## - FIELD OF ACTIVITY

  • Field of activity: Ralaciones internacionales
  • Field of activity: Sociología
  • Source of term: lcsh

373 ## - ASSOCIATED GROUP

  • Associated group: Universidad de las Américas Puebla
  • Associated group: Universidad Nacional Autónoma de México
  • Associated group: Benemérita Universidad Autónoma de Puebla
  • Source of term: naf

374 ## - OCCUPATION

  • Occupation: Profesor universitario
  • Occupation: Autor
  • Source of term: lcsh

374 ## - OCCUPATION

  • Occupation: Investigador
  • Source of term: lcsh

375 ## - GENDER

  • Gender: hombre

377 ## - ASSOCIATED LANGUAGE

  • Language code: spa

400 1# - SEE FROM TRACING--PERSONAL NAME

  • Personal name: Bilbao, Luis Ochoa

670 ## - SOURCE DATA FOUND

  • Source citation: Los intelectuales mexicanos frente al poder estadounidense, 2011:
  • Information found: t.p. (Luis Ochoa Bilbao)

670 ## - SOURCE DATA FOUND

  • Source citation: La disciplina de las relaciones internacionales en México: enseñanza, enfoques y programas docentes, 2013:
  • Information found: title page (Luis Ochoa Bilbao) page 227 (Luis Ochoa Bilbao, licenciado en Relaciones Internacioales por la Universidad de las Américas, Puebla, maestro en Sociología por la UNAM y Doctor en Sociología por la Benemérita Universidad Autónoma de Puebla, profesor investogador en esta última institución)

670 ## - SOURCE DATA FOUND

  • Source citation: Biblioteca del Congreso (Estados Unidos), 04 diciembre 2017:
  • Information found: catálogo electrónico:
  • Uniform Resource Identifier: https://goo.gl/sUKkys